[Event "45th Olympiad 2024"]
[Site "Budapest HUN"]
[Date "2024.09.12"]
[Round "2.33"]
[Board "3"]
[White "Flores, Diego"]
[Black "Renjith, Sravan"]
[Result "0-1"]
[WhiteTitle "GM"]
[BlackTitle "IM"]
[WhiteElo "2546"]
[BlackElo "2325"]
[WhiteTeam "Argentina"]
[BlackTeam "New Zealand"]
[WhiteFideId "108049"]
[BlackFideId "4306783"]
[EventDate "2024.09.11"]

1. Nf3 d5 2. d4 Nf6 3. c4 e6 4. g3 c5 5. cxd5 exd5 6. Bg2 Nc6 7. O-O Be7 8. dxc5
Bxc5 9. a3 O-O 10. b4 Be7 11. Bb2 Ne4 12. Nc3 Bf6 13. Rc1 Re8 14. e3 Be6 15. Na4
Bxb2 16. Nxb2 Qf6 17. Nd3 Bg4 18. b5 Ng5 19. bxc6 Nxf3+ 20. Bxf3 Bxf3 21. cxb7
Bxd1 22. bxa8=Q Rxa8 23. Rfxd1 d4 24. exd4 Qxd4 25. Nf4 Qb2 26. a4 Qb4 27. Ra1
h6 28. h4 Rc8 29. Nd5 Qe4 30. Ne3 Rb8 31. Rac1 Rb2 32. Rc4 Qf3 33. Rf4 Qb7 34.
Rc1 Ra2 35. Nf5 Qd7 36. h5 Rxa4 37. Ne7+ Kh7 38. Rxf7 Qe8 39. Rf5 Qxe7 40. Rd1
Re4 41. Kf1 Re5 0-1

[Event "45th Olympiad 2024"]
[Site "Budapest HUN"]
[Date "2024.09.12"]
[Round "2.33"]
[Board "4"]
[White "Gong, Daniel Hanwen"]
[Black "Sosa, Tomas ARG"]
[Result "0-1"]
[WhiteTitle "FM"]
[BlackTitle "GM"]
[WhiteElo "2240"]
[BlackElo "2515"]
[WhiteTeam "New Zealand"]
[BlackTeam "Argentina"]
[WhiteFideId "4303962"]
[BlackFideId "121576"]
[EventDate "2024.09.11"]

1. e4 e5 2. Nf3 Nc6 3. Bc4 Nf6 4. d4 exd4 5. e5 d5 6. Bb5 Nd7 7. O-O Be7 8. Bxc6
bxc6 9. Nxd4 Nb8 10. c4 O-O 11. Nc3 dxc4 12. Be3 c5 13. Qf3 cxd4 14. Qxa8 dxe3
15. Qxb8 exf2+ 16. Kh1 Bc5 17. Qb5 Bb6 18. Qxc4 Qg5 19. Nd5 Bb7 20. a4 a5 21.
Ra3 Re8 22. Nf6+ gxf6 23. Rg3 Rxe5 24. Qh4 Qxg3 25. hxg3 Re1 26. Qc4 Re4 27. Qc2
Re1 28. Qc4 Re5 29. g4 Re4 30. Qc2 Rxg4 31. Kh2 Rxg2+ 0-1

[Event "45th Olympiad 2024"]
[Site "Budapest HUN"]
[Date "2024.09.12"]
[Round "2.34"]
[Board "1"]
[White "Camacho Collados, Jose"]
[Black "Schitco, Ivan"]
[Result "1/2-1/2"]
[WhiteTitle "IM"]
[BlackTitle "GM"]
[WhiteElo "2352"]
[BlackElo "2527"]
[WhiteTeam "Wales"]
[BlackTeam "Moldova"]
[WhiteFideId "2265427"]
[BlackFideId "13905465"]
[EventDate "2024.09.11"]

1. d4 Nf6 2. Nf3 g6 3. Bg5 Bg7 4. Nbd2 O-O 5. c3 h6 6. Bh4 d6 7. e4 Qe8 8. a4 e5
9. dxe5 dxe5 10. Bc4 a5 11. O-O Nbd7 12. Re1 Nh5 13. Nf1 Nb6 14. Bb3 Be6 15. Ne3
c6 16. Qc2 Nd7 17. Bxe6 Qxe6 18. b4 f5 19. exf5 gxf5 20. Rad1 e4 21. Nd4 Bxd4
22. Rxd4 Ne5 23. Qd1 Qg6 24. Rd6 Nf6 25. Kf1 f4 26. Rxf6 Rxf6 27. Bxf6 Qxf6 28.
Ng4 Qe6 29. Nxe5 Qxe5 30. Qg4+ Kh8 31. Qg6 Re8 32. Qxh6+ Kg8 33. h4 e3 34. Qg5+
Qxg5 35. hxg5 axb4 36. cxb4 Re4 37. fxe3 Rxb4 38. a5 fxe3 39. Rxe3 Rb5 40. Re7
Rxa5 41. Rxb7 Rxg5 42. Rc7 1/2-1/2

[Event "45th Olympiad 2024"]
[Site "Budapest HUN"]
[Date "2024.09.12"]
[Round "2.34"]
[Board "2"]
[White "Macovei, Andrei"]
[Black "Kozusek, Daniel"]
[Result "1-0"]
[WhiteTitle "IM"]
[BlackTitle "FM"]
[WhiteElo "2464"]
[BlackElo "2367"]
[WhiteTeam "Moldova"]
[BlackTeam "Wales"]
[WhiteFideId "13904680"]
[BlackFideId "349500"]
[EventDate "2024.09.11"]

1. e4 c6 2. d4 d5 3. e5 c5 4. c3 Nc6 5. Be2 cxd4 6. cxd4 Bf5 7. Nf3 e6 8. O-O
Nge7 9. Nc3 Bg4 10. Nh4 Bxe2 11. Nxe2 Ng6 12. Nf3 Be7 13. g3 f6 14. Nf4 Nxf4 15.
Bxf4 f5 16. h4 h6 17. Qd2 O-O 18. Kg2 Qe8 19. Rac1 Rc8 20. a3 Rc7 21. Be3 Qh5
22. Rh1 Rfc8 23. Ne1 b6 24. b4 a5 25. Nd3 axb4 26. axb4 Qf7 27. Ra1 Na7 28. Ra6
Rc2 29. Qd1 Bd8 30. Nc5 Rc4 31. Nxe6 Qxe6 32. Rxa7 Rxb4 33. Qf3 b5 34. Rha1 Bb6
35. R1a6 Rc6 36. Ra8+ Kh7 37. Rf8 Ra4 38. Rxa4 bxa4 39. Rxf5 a3 40. Rf8 a2 41.
Ra8 Ba7 42. Qf8 a1=Q 43. h5 Rc8 44. Rxc8 Qxc8 45. Qxc8 Bxd4 46. Qf5+ Kh8 47.
Bxd4 Qxd4 48. e6 1-0

[Event "45th Olympiad 2024"]
[Site "Budapest HUN"]
[Date "2024.09.12"]
[Round "2.34"]
[Board "3"]
[White "Toczek, Grzegorz"]
[Black "Lashkin, Jegor"]
[Result "0-1"]
[WhiteTitle "FM"]
[BlackTitle "FM"]
[WhiteElo "2301"]
[BlackElo "2472"]
[WhiteTeam "Wales"]
[BlackTeam "Moldova"]
[WhiteFideId "1106457"]
[BlackFideId "13907808"]
[EventDate "2024.09.11"]

1. d4 Nf6 2. Nf3 d5 3. Bf4 e6 4. e3 c5 5. c3 Nc6 6. Nbd2 Nh5 7. Bg3 Nxg3 8. hxg3
Qb6 9. Qb3 Bd7 10. O-O-O Be7 11. Be2 O-O-O 12. Qxb6 axb6 13. a3 h6 14. Bd3 Kc7
15. Kb1 Bf6 16. Bc2 Ra8 17. Nb3 Be7 18. Nc1 b5 19. dxc5 Bxc5 20. Nd4 Na7 21. f4
Be7 22. Nd3 Nc8 23. f5 Bd6 24. Nf4 Re8 25. fxe6 fxe6 26. Bg6 Re7 27. e4 dxe4 28.
Bxe4 Nb6 29. Ng6 Rf7 30. Rh5 Ra5 31. Nb3 Ra4 32. Nd4 Bxg3 33. Bd3 Rf6 34. Ne5
Be8 35. Nxb5+ Kb8 36. Bc2 Bxb5 37. Bxa4 Bxa4 38. Rd8+ Kc7 39. Rg8 g5 40. Ng4
Rf1+ 41. Ka2 Bc2 42. Ne3 Bb1+ 43. Kb3 Rf6 44. Rh8 Bf4 45. Ng4 Rf5 46. a4 Ra5 47.
R5xh6 Rxa4 48. Nf6 Ra5 49. Kb4 Ra2 50. Ne8+ Kd7 51. b3 Nd5+ 52. Kc4 Be5 53. Rg8
Ra6 54. Rh3 Rc6+ 55. Kb5 Nxc3+ 56. Kb4 Nd5+ 57. Kb5 g4 58. Rxg4 Bf5 59. Rg5 Bxh3
60. Rxe5 Bxg2 61. Ng7 Bf1+ 0-1

[Event "45th Olympiad 2024"]
[Site "Budapest HUN"]
[Date "2024.09.12"]
[Round "2.34"]
[Board "4"]
[White "Bologan, Victor"]
[Black "Blackburn, Jonathan L B"]
[Result "1-0"]
[WhiteTitle "GM"]
[BlackTitle "FM"]
[WhiteElo "2598"]
[BlackElo "2202"]
[WhiteTeam "Moldova"]
[BlackTeam "Wales"]
[WhiteFideId "13900048"]
[BlackFideId "1801090"]
[EventDate "2024.09.11"]

1. e4 e6 2. d4 d5 3. Nc3 Bb4 4. e5 c5 5. a3 Bxc3+ 6. bxc3 Nc6 7. h4 Bd7 8. Qg4
g6 9. h5 Nge7 10. Qd1 Qa5 11. Bd2 O-O-O 12. Nf3 h6 13. a4 g5 14. Bb5 Qc7 15. O-O
Rdf8 16. Bc1 f5 17. exf6 Rxf6 18. Nh2 Be8 19. dxc5 Rhf8 20. Be2 Rxf2 21. Rxf2
Rxf2 22. Kxf2 Qxh2 23. Ra3 Nf5 24. c4 Qh4+ 25. Kg1 Ng3 26. Bg4 Qh1+ 27. Kf2 Ne4+
28. Ke3 Qxg2 29. cxd5 Nb4 30. Bf3 Qf2+ 31. Kxe4 exd5+ 32. Ke5 Nc6+ 33. Kxd5 Bf7+
34. Ke4 Qxc5 35. Bg4+ Kb8 36. Rd3 Qb4+ 37. Kf3 Ne5+ 38. Kg3 Nxd3 39. Qxd3 Qe7
40. Be3 Qe5+ 41. Kh3 Bd5 42. Qd4 Qxd4 43. Bxd4 Bc6 44. a5 1-0

[Event "45th Olympiad 2024"]
[Site "Budapest HUN"]
[Date "2024.09.12"]
[Round "2.35"]
[Board "1"]
[White "Quesada Perez, Luis Ernesto"]
[Black "Barrish, Daniel"]
[Result "1-0"]
[WhiteTitle "GM"]
[BlackTitle "FM"]
[WhiteElo "2578"]
[BlackElo "2281"]
[WhiteTeam "Cuba"]
[BlackTeam "South Africa"]
[WhiteFideId "3520773"]
[BlackFideId "14304600"]
[EventDate "2024.09.11"]

1. d4 Nf6 2. Nf3 e6 3. Bf4 d5 4. e3 Bd6 5. Nbd2 O-O 6. Bd3 b6 7. Qe2 Bb7 8. Bg3
Ne4 9. Rd1 Nd7 10. Ba6 Bxa6 11. Qxa6 Nxg3 12. hxg3 f5 13. c4 c6 14. Rc1 Nf6 15.
c5 Bc7 16. Qb7 Qd7 17. cxb6 axb6 18. Qxc6 Qxc6 19. Rxc6 Rxa2 20. Ke2 Bd8 21. Rb1
Re8 22. Ng5 e5 23. dxe5 Ng4 24. Re6 Rxe6 25. Nxe6 Be7 26. Nf4 Nxe5 27. Nxd5 Bc5
28. Nc3 Ra8 29. Nf3 Nxf3 30. gxf3 Kf7 31. g4 fxg4 32. fxg4 Re8 33. Ra1 Kg6 34.
Ra7 Bd4 35. Rd7 Bf6 36. Rd6 Kg5 37. Kf3 Bxc3 38. bxc3 Rc8 39. Kg3 g6 40. f4+ Kh6
41. Rd7 g5 42. f5 Rxc3 43. Kf2 Rc4 44. Kf3 b5 45. e4 b4 46. e5 Rf4+ 47. Ke3 b3
48. e6 b2 49. Rb7 Rf1 50. Rxb2 Kg7 51. Ke4 Kf6 52. Rb7 Re1+ 53. Kf3 h6 54. Rf7+
Ke5 55. e7 Kd6 56. f6 Re6 57. Rf8 1-0

[Event "45th Olympiad 2024"]
[Site "Budapest HUN"]
[Date "2024.09.12"]
[Round "2.35"]
[Board "2"]
[White "Karsten, Jan"]
[Black "Berdayes Ason, Dylan Isidro"]
[Result "1-0"]
[WhiteTitle "IM"]
[BlackTitle "GM"]
[WhiteElo "2311"]
[BlackElo "2474"]
[WhiteTeam "South Africa"]
[BlackTeam "Cuba"]
[WhiteFideId "14350653"]
[BlackFideId "3516016"]
[EventDate "2024.09.11"]

1. e4 c6 2. d4 d5 3. e5 Bf5 4. h4 h5 5. Bd3 Qd7 6. c3 Nh6 7. Ne2 g6 8. Bg5 Bg7
9. Bxf5 Qxf5 10. Qb3 Qd7 11. e6 Qxe6 12. Qxb7 Qd7 13. Qxa8 O-O 14. O-O Na6 15.
Qxf8+ Bxf8 16. Nd2 Nf5 17. Nf3 f6 18. Bf4 Nc7 19. Rfe1 Ne6 20. Bd2 Qb7 21. b3
Qc7 22. g3 Kf7 23. Nf4 Nxf4 24. Bxf4 Qa5 25. Bd2 Qa6 26. Kg2 Nd6 27. Bf4 Nf5 28.
Nd2 Qd3 29. Rac1 Ng7 30. Bh6 Ne6 31. Be3 Ng7 32. Nf3 Nf5 33. Bf4 Bg7 34. c4 Bf8
35. cxd5 cxd5 36. Rc7 Nxd4 37. Nxd4 Qxd4 38. Be3 Qb4 39. Rd1 a6 40. Rd7 Ke6 41.
Ra7 Qa5 42. Rd2 Kf7 43. Kh2 Qb5 44. Rc7 Ke6 45. Rc5 Qb7 46. Bf4 Kf5 47. Rcxd5+
e5 48. Be3 Bb4 49. Rd1 Qc6 50. Rd7 Qc2 51. Ra1 Qb2 52. Rdd1 g5 53. hxg5 fxg5 54.
Kg2 Qc2 55. Rac1 Qxa2 56. Rh1 Qe2 57. Rc7 Ba5 58. Rh7 h4 59. gxh4 Qg4+ 60. Kh2
e4 61. Rc1 Bb4 62. Rh6 Qf3 63. hxg5 Ke5 64. Rcc6 Kd5 65. Rxa6 Qg4 66. Rab6 Qd7
67. Rxb4 Ke5 68. Rc4 Kf5 69. Kg3 1-0

[Event "45th Olympiad 2024"]
[Site "Budapest HUN"]
[Date "2024.09.12"]
[Round "2.35"]
[Board "3"]
[White "Miranda Mesa, Elier"]
[Black "Levitan, Caleb Levi"]
[Result "1-0"]
[WhiteTitle "GM"]
[BlackTitle "FM"]
[WhiteElo "2512"]
[BlackElo "2193"]
[WhiteTeam "Cuba"]
[BlackTeam "South Africa"]
[WhiteFideId "3510697"]
[BlackFideId "14332620"]
[EventDate "2024.09.11"]

1. e4 e5 2. Nf3 Nc6 3. Bb5 a6 4. Ba4 d6 5. c3 f5 6. exf5 Bxf5 7. O-O Bd3 8. Re1
Be7 9. Bc2 Bxc2 10. Qxc2 Nf6 11. d4 e4 12. Ng5 d5 13. f3 h6 14. Nh3 O-O 15. Nd2
exf3 16. Nxf3 Rf7 17. Nf2 Bd6 18. Ne5 Re7 19. Bf4 Nh5 20. Nxc6 bxc6 21. Bxd6
Qxd6 22. Rxe7 Qxe7 23. Ng4 Nf6 24. Ne5 c5 25. h3 Re8 26. Re1 Qd6 27. Rf1 cxd4
28. cxd4 Qb6 29. Qf2 Qe6 30. b4 Rf8 31. a3 Nd7 32. Nf3 Nb6 33. Ng5 Rxf2 34. Nxe6
Rxf1+ 35. Kxf1 Nc4 36. a4 c6 37. a5 Ne3+ 38. Ke2 Nc2 39. Kd2 Nxb4 40. Nc5 Kf7
41. Kc3 Na2+ 42. Kb2 1-0

[Event "45th Olympiad 2024"]
[Site "Budapest HUN"]
[Date "2024.09.12"]
[Round "2.35"]
[Board "4"]
[White "Mhango, Banele"]
[Black "Almeida Quintana, Omar"]
[Result "0-1"]
[WhiteTitle "FM"]
[BlackTitle "GM"]
[WhiteElo "2261"]
[BlackElo "2492"]
[WhiteTeam "South Africa"]
[BlackTeam "Cuba"]
[WhiteFideId "14327040"]
[BlackFideId "3503313"]
[EventDate "2024.09.11"]

1. d4 g6 2. e4 Bg7 3. Nc3 d6 4. f4 a6 5. Nf3 b5 6. Bd3 Nd7 7. e5 c5 8. exd6 exd6
9. O-O Ne7 10. dxc5 Nxc5 11. Ne4 O-O 12. c3 Bb7 13. Ng3 Qb6 14. Kh1 Nd5 15. f5
Rae8 16. Bc2 b4 17. cxb4 Nxb4 18. Ng5 Qc6 19. Nf3 Qd5 20. Bg5 h6 21. Bd2 Nxc2
22. Qxc2 Qd3 23. Qxd3 Nxd3 24. f6 Bxf6 25. Bxh6 Bg7 26. Bxg7 Kxg7 27. b3 Ne5 28.
Nd4 Ng4 29. Kg1 Ne3 30. Rf2 f5 31. Rc1 Rf7 32. Nf1 Ng4 33. Rd2 Rfe7 34. h3 Nf6
35. Rdc2 Nd5 36. Nc6 Re2 37. Nd4 Rxc2 38. Rxc2 Kf6 39. Rd2 Nf4 40. Nh2 g5 41.
Ndf3 Re2 42. Rxd6+ Ke7 43. Rh6 Rxg2+ 44. Kf1 Be4 45. a3 Bd3+ 46. Ke1 Re2+ 47.
Kd1 Bc2+ 0-1

[Event "45th Olympiad 2024"]
[Site "Budapest HUN"]
[Date "2024.09.12"]
[Round "2.36"]
[Board "1"]
[White "Arab, Adlane"]
[Black "Kadric, Denis"]
[Result "1/2-1/2"]
[WhiteTitle "IM"]
[BlackTitle "GM"]
[WhiteElo "2477"]
[BlackElo "2553"]
[WhiteTeam "Algeria"]
[BlackTeam "Montenegro"]
[WhiteFideId "7900872"]
[BlackFideId "14403803"]
[EventDate "2024.09.11"]

1. d4 d6 2. Nf3 Nf6 3. c4 g6 4. Nc3 Bg7 5. Bf4 Bf5 6. e3 Nh5 7. Bg5 h6 8. Bh4 g5
9. Bg3 c5 10. dxc5 Nxg3 11. hxg3 dxc5 12. Qxd8+ Kxd8 13. O-O-O+ Nd7 14. Bd3 Bg4
15. Kc2 e6 16. Rd2 Ke7 17. Nh2 Ne5 18. Nxg4 Nxg4 19. Ne4 f5 20. Be2 Ne5 21. Nd6
Rab8 22. Rhd1 Rhd8 23. a3 a6 24. b4 cxb4 25. axb4 Nc6 26. Kb3 b6 27. f4 g4 28.
b5 axb5 29. cxb5 Na5+ 30. Kb4 h5 31. Nc4 Rxd2 32. Rxd2 Nxc4 33. Bxc4 Bf8 34. Kc3
Kf6 35. Re2 Bd6 36. e4 fxe4 37. Rxe4 e5 38. Re3 Rd8 39. Rd3 exf4 40. gxf4 h4 41.
Rd5 Bc7 1/2-1/2

[Event "45th Olympiad 2024"]
[Site "Budapest HUN"]
[Date "2024.09.12"]
[Round "2.36"]
[Board "2"]
[White "Petrov, Nikita"]
[Black "Djabri, Massinas"]
[Result "1/2-1/2"]
[WhiteTitle "GM"]
[BlackTitle "FM"]
[WhiteElo "2574"]
[BlackElo "2280"]
[WhiteTeam "Montenegro"]
[BlackTeam "Algeria"]
[WhiteFideId "4101286"]
[BlackFideId "7905726"]
[EventDate "2024.09.11"]

1. d4 Nf6 2. Nf3 e6 3. Bg5 d5 4. Nbd2 Be7 5. e3 h6 6. Bh4 Nbd7 7. Bd3 b6 8. O-O
Bb7 9. c4 O-O 10. cxd5 exd5 11. Rc1 c5 12. Bf5 Ne4 13. Bxe7 Qxe7 14. Bxd7 Qxd7
15. dxc5 Nxc5 16. Nb3 Rac8 17. Re1 Rfe8 18. Nbd4 a5 19. Rc3 b5 20. Qc2 Ne4 21.
Rxc8 Rxc8 22. Qb3 b4 23. a3 Nc5 24. Qd1 Ba6 25. Qb1 Bd3 26. Ne5 Bxb1 27. Nxd7
Nxd7 28. Rxb1 bxa3 29. bxa3 Rc3 30. Nb5 Rc2 31. h3 Ra2 32. Rc1 Ne5 33. Rd1 Nc4
34. Rd3 g6 35. Rxd5 Nxa3 36. Nxa3 Rxa3 37. g4 Ra1+ 38. Kg2 a4 39. Ra5 a3 40. Ra7
a2 41. Kf3 Kg7 42. h4 Kf6 43. Ra6+ Kg7 44. Kg2 Kg8 45. h5 gxh5 46. gxh5 Kg7 47.
Kf3 Rh1 48. Rxa2 Rxh5 49. e4 Rh3+ 50. Kg4 Rh2 51. Kg3 Rh1 52. f4 Rg1+ 53. Kf3
Rf1+ 54. Kg4 Rg1+ 55. Kf5 Rg6 56. e5 Rg1 57. Re2 Rg6 58. Ke4 Rg4 59. Kf3 h5 60.
f5 Ra4 61. Rg2+ Kf8 62. Rb2 Ke7 63. Rb7+ Ke8 64. Rb1 Ke7 65. Re1 f6 66. e6 Ra5
67. Kf4 Ra4+ 68. Re4 Ra1 69. Re2 Ra4+ 70. Re4 Ra1 71. Rb4 Rf1+ 72. Ke4 Re1+ 73.
Kd4 Re5 74. Rb7+ Ke8 75. Rb8+ 1/2-1/2

[Event "45th Olympiad 2024"]
[Site "Budapest HUN"]
[Date "2024.09.12"]
[Round "2.36"]
[Board "3"]
[White "Brahami, Lamine"]
[Black "Djukic, Nikola"]
[Result "0-1"]
[WhiteTitle "IM"]
[BlackTitle "GM"]
[WhiteElo "2188"]
[BlackElo "2515"]
[WhiteTeam "Algeria"]
[BlackTeam "Montenegro"]
[WhiteFideId "7905637"]
[BlackFideId "922412"]
[EventDate "2024.09.11"]

1. d4 Nf6 2. c4 g6 3. Nc3 Bg7 4. e4 d6 5. Nf3 O-O 6. Be2 Nbd7 7. O-O e5 8. Be3
Qe7 9. Qc2 c6 10. Rad1 h6 11. h3 exd4 12. Bxd4 b6 13. Rfe1 Bb7 14. Qd2 Nc5 15.
Bxc5 dxc5 16. e5 Nh7 17. Qd7 Rfe8 18. Ne4 Nf8 19. Qxe7 Rxe7 20. Nd6 Ba6 21. Bf1
Rd7 22. Rd3 Rad8 23. Red1 Ne6 24. Ra3 Nc7 25. Re1 f6 26. Ne4 fxe5 27. Be2 g5 28.
h4 g4 29. Nh2 Rd4 30. Bxg4 Bxc4 31. Rxa7 Nb5 32. Ra4 Bd5 33. Rxd4 exd4 34. a4
Nc7 35. a5 bxa5 36. Nxc5 Rb8 37. Re2 Rb5 38. Rc2 Bf8 39. Nd7 Be7 40. Nf3 d3 41.
Rd2 Be4 42. Nde5 Bb4 43. Rd1 d2 44. Nc4 Bc2 45. Rxd2 Bxd2 46. Nfxd2 Bd3 47. Bd7
Bxc4 48. Nxc4 Rc5 49. Ne3 Kf8 50. g3 Nd5 51. Nf5 Nb6 0-1

[Event "45th Olympiad 2024"]
[Site "Budapest HUN"]
[Date "2024.09.12"]
[Round "2.36"]
[Board "4"]
[White "Draskovic, Luka"]
[Black "Bengherabi, Khalil"]
[Result "1-0"]
[WhiteTitle "GM"]
[BlackTitle "FM"]
[WhiteElo "2497"]
[BlackElo "2076"]
[WhiteTeam "Montenegro"]
[BlackTeam "Algeria"]
[WhiteFideId "944335"]
[BlackFideId "7900325"]
[EventDate "2024.09.11"]

1. e4 c5 2. Nc3 Nc6 3. Bb5 Nd4 4. Bc4 e6 5. Nge2 Ne7 6. O-O g6 7. Nxd4 cxd4 8.
Nb5 Nc6 9. c3 Qb6 10. d3 a6 11. Nxd4 Nxd4 12. cxd4 Qxd4 13. Rb1 Bg7 14. Be3 Qd6
15. d4 b5 16. Bb3 Bb7 17. d5 exd5 18. Bd4 O-O 19. Bxg7 Kxg7 20. Qd4+ f6 21. Rfd1
Rfe8 22. f3 Rac8 23. Bxd5 Bxd5 24. Qxd5 Qxd5 25. Rxd5 Re7 26. Rbd1 Rc2 27. R1d2
Rc7 28. Rd6 Ra7 29. Kf2 Kf7 30. g4 a5 31. h4 Rb7 32. g5 fxg5 33. hxg5 Re5 34.
Rxd7+ Rxd7 35. Rxd7+ Ke6 36. Rxh7 Rxg5 37. Rc7 Rh5 38. Rc6+ Kf7 39. Kg2 Rg5+ 40.
Kf1 Rh5 41. Rc2 Ke6 42. Ke2 Kd6 43. Ke3 Rg5 44. Kf4 Rg1 45. Rd2+ Kc6 46. Ke5 Rg3
47. f4 Rg4 48. f5 gxf5 49. exf5 Rg1 50. f6 Re1+ 51. Kf5 Rf1+ 52. Ke6 Re1+ 53.
Kf7 Rg1 54. Ke7 Re1+ 55. Kf8 Rf1 56. f7 Rg1 57. Rd4 Rg2 58. Ke7 Re2+ 59. Kf6
Rxb2 60. Rf4 1-0

[Event "45th Olympiad 2024"]
[Site "Budapest HUN"]
[Date "2024.09.12"]
[Round "2.37"]
[Board "1"]
[White "Kuybokarov, Temur"]
[Black "Mandizha, Farai"]
[Result "1-0"]
[WhiteTitle "GM"]
[BlackTitle "IM"]
[WhiteElo "2562"]
[BlackElo "2371"]
[WhiteTeam "Australia"]
[BlackTeam "Zimbabwe"]
[WhiteFideId "14203049"]
[BlackFideId "11000430"]
[EventDate "2024.09.11"]

1. e4 c5 2. Nf3 d6 3. d4 cxd4 4. Nxd4 Nf6 5. Nc3 a6 6. h3 e5 7. Nb3 Be6 8. f4
Qc7 9. g4 exf4 10. Bxf4 Nc6 11. g5 Nd7 12. Qd2 Nce5 13. O-O-O Rc8 14. Nd4 Qa5
15. Kb1 Bc4 16. Nb3 Qc7 17. h4 b5 18. Bh3 Rd8 19. Nd5 Bxd5 20. exd5 Be7 21. Nd4
O-O 22. h5 Nc4 23. Qe2 Ndb6 24. Bc1 Nxd5 25. Qe4 Ndb6 26. Bf5 d5 27. Bxh7+ Kh8
28. Qg2 Na4 29. g6 Ncxb2 30. h6 Bf6 31. hxg7+ Bxg7 32. gxf7 Rxf7 33. Bg6+ Kg8
34. Bxf7+ Qxf7 35. Bxb2 b4 36. Nf5 1-0

[Event "45th Olympiad 2024"]
[Site "Budapest HUN"]
[Date "2024.09.12"]
[Round "2.37"]
[Board "2"]
[White "Makoto, Rodwell"]
[Black "Sardana, Rishi"]
[Result "1-0"]
[WhiteTitle "IM"]
[BlackTitle "IM"]
[WhiteElo "2311"]
[BlackElo "2477"]
[WhiteTeam "Zimbabwe"]
[BlackTeam "Australia"]
[WhiteFideId "11000120"]
[BlackFideId "25004301"]
[EventDate "2024.09.11"]

1. Nf3 d5 2. g3 g6 3. Bg2 Bg7 4. d4 Nf6 5. O-O O-O 6. c4 dxc4 7. Na3 c3 8. bxc3
c5 9. Nc4 Nc6 10. Nce5 Nd5 11. Bd2 Nxe5 12. Nxe5 Be6 13. e4 Nb6 14. Be3 Nc4 15.
Nxc4 Bxc4 16. Re1 Qa5 17. e5 Rfd8 18. Bxb7 Rab8 19. Qf3 Qxc3 20. Rec1 Qb2 21.
Rab1 Qxa2 22. dxc5 Bxe5 23. Qe4 Bc3 24. c6 Bd3 25. Qxe7 Re8 26. c7 Rbc8 27. Qc5
Bxb1 28. Qxc3 Bf5 29. Bh6 f6 30. Qxf6 Qf7 31. Qd6 Bh3 32. f3 a5 33. g4 Kh8 34.
Bxc8 Rxc8 35. Qd8+ 1-0

[Event "45th Olympiad 2024"]
[Site "Budapest HUN"]
[Date "2024.09.12"]
[Round "2.37"]
[Board "3"]
[White "Zhao, Zong-Yuan"]
[Black "Mwadzura, Roy"]
[Result "1-0"]
[WhiteTitle "GM"]
[BlackTitle "FM"]
[WhiteElo "2478"]
[BlackElo "2229"]
[WhiteTeam "Australia"]
[BlackTeam "Zimbabwe"]
[WhiteFideId "3202534"]
[BlackFideId "11004436"]
[EventDate "2024.09.11"]

1. d4 e6 2. Nf3 Nf6 3. Bf4 c5 4. e3 Nc6 5. Nbd2 d5 6. c3 Bd6 7. Bg3 Bxg3 8. hxg3
Qe7 9. Bb5 Bd7 10. Bxc6 Bxc6 11. Ne5 Qc7 12. Qf3 h6 13. g4 Rf8 14. Qf4 cxd4 15.
Qxd4 Qb6 16. O-O-O Qxd4 17. exd4 Bb5 18. Rde1 O-O-O 19. Rh3 Ne8 20. Rhe3 Nc7 21.
f4 Be8 22. Ndf3 f6 23. Nd3 b6 24. f5 exf5 25. gxf5 g5 26. fxg6 Bxg6 27. Nf2 Rd7
28. Kd2 Rg7 29. Re7 Rgg8 30. Nh4 Kd8 31. R7e3 Bh7 32. b3 b5 33. Rf3 Rg5 34. g3
Ne8 35. Re6 Rfg8 36. Rfe3 Bb1 37. a4 bxa4 38. bxa4 R5g7 39. Nd3 Bxd3 40. Kxd3
Rg5 41. Ng2 Nc7 42. Rxf6 Rxg3 43. Nf4 Rxe3+ 44. Kxe3 Kd7 45. Rxh6 Rg3+ 46. Kd2
Rg4 47. Rh7+ Kd6 48. Rf7 a5 49. Kc2 Rg1 50. Rf6+ Kd7 51. Nd3 Rg2+ 52. Kb3 Rg3
53. Nc5+ Ke7 54. Rc6 Ne8 55. Re6+ Kd8 56. Ra6 Kc7 57. Ne6+ Kd7 58. Nf4 Nc7 59.
Rxa5 Kd6 60. Rc5 Rf3 61. Rxc7 Kxc7 62. Nxd5+ Kd6 63. Kc4 Rf8 64. Nb4 Ra8 65. Kb3
Rh8 66. a5 Rh3 67. Kc4 Rh5 68. d5 Rh1 69. Kb5 Kc7 70. c4 Kb7 71. c5 Rh5 72. d6
Rg5 73. a6+ Ka7 74. d7 1-0

[Event "45th Olympiad 2024"]
[Site "Budapest HUN"]
[Date "2024.09.12"]
[Round "2.37"]
[Board "4"]
[White "Mushore, Emarald Takudzwa"]
[Black "Smerdon, David C"]
[Result "0-1"]
[BlackTitle "GM"]
[WhiteElo "2150"]
[BlackElo "2475"]
[WhiteTeam "Zimbabwe"]
[BlackTeam "Australia"]
[WhiteFideId "11309504"]
[BlackFideId "3202305"]
[EventDate "2024.09.11"]

1. e4 c5 2. Nf3 Nc6 3. d4 cxd4 4. Nxd4 g6 5. Nc3 Bg7 6. Be3 Nf6 7. h3 O-O 8. Qd2
d5 9. exd5 Nxd5 10. Nxc6 bxc6 11. Bd4 e5 12. Bc5 Nxc3 13. Qxc3 e4 14. Qa3 e3 15.
Bxe3 Rb8 16. c3 Qd5 17. Rc1 Re8 18. b3 Bf5 19. Qa6 Rbd8 20. Be2 Qxg2 21. Rf1
Rxe3 22. fxe3 Be5 0-1

[Event "45th Olympiad 2024"]
[Site "Budapest HUN"]
[Date "2024.09.12"]
[Round "2.38"]
[Board "1"]
[White "Miguel, Sergio"]
[Black "Bogner, Sebastian"]
[Result "1-0"]
[WhiteTitle "FM"]
[BlackTitle "GM"]
[WhiteElo "2241"]
[BlackElo "2545"]
[WhiteTeam "Angola"]
[BlackTeam "Switzerland"]
[WhiteFideId "10100792"]
[BlackFideId "4692055"]
[EventDate "2024.09.11"]

1. e4 c5 2. Nf3 d6 3. Bb5+ Nd7 4. d4 Nf6 5. Nc3 cxd4 6. Qxd4 e5 7. Qd3 h6 8. Be3
a6 9. Ba4 b5 10. Bb3 Bb7 11. a4 Qa5 12. O-O b4 13. Nd5 Bxd5 14. Bxd5 Nxd5 15.
Qxd5 Qxd5 16. exd5 Nf6 17. Rfd1 Be7 18. a5 Rb8 19. c4 bxc3 20. bxc3 Kd7 21. c4
Rhc8 22. c5 Rb5 23. h3 Ne4 24. c6+ Ke8 25. Rdb1 Rxd5 26. Rb6 Nc5 27. Rc1 Nd3 28.
Rcb1 Nc5 29. Rc1 e4 30. Nd2 Bg5 31. Nc4 Ke7 32. Bxg5+ Rxg5 33. Ne3 Ke6 34. Kf1
Rc7 35. Rc4 Re5 36. g4 g6 37. Rd4 d5 38. Rb8 Nd3 39. Re8+ Re7 40. Rxe7+ Kxe7 41.
Nxd5+ Kd8 42. f4 Nxf4 43. Nxf4+ Kc7 44. Rd7+ Kxc6 45. Rxf7 g5 46. Rf6+ Kd7 47.
Ne2 Rxa5 48. Rxh6 Ra3 49. Kg2 a5 50. Rg6 a4 51. Rxg5 Ra2 52. Kf2 e3+ 53. Kxe3
Ra3+ 54. Kf4 Rxh3 55. Ra5 Ra3 56. g5 Ke6 57. Ra6+ Kf7 58. Kf5 Rf3+ 59. Nf4 1-0